| Tag |
First Indicator |
Second Indicator |
Subfields |
| LEADER |
00000cam a2200000Ma 4500 |
| 001 |
in00002402467 |
| 005 |
20210810091140.0 |
| 006 |
m | d | |
| 007 |
cr cn|||||||||||||||||| |
| 008 |
061004s2006 njua sb 001 0 eng d |
| 020 |
|
|
|a 0471700541 (cloth)
|
| 020 |
|
|
|a 047179161X (electronic bk.)
|
| 020 |
|
|
|a 9780471700548 (cloth)
|
| 020 |
|
|
|a 9780471791614 (electronic bk.)
|
| 029 |
0 |
|
|a DG1
|b jws02626516
|
| 035 |
|
|
|a (OCoLC)85821049
|
| 035 |
|
|
|a (OCoLC)ocm85821049
|
| 040 |
|
|
|a DG1
|c DG1
|d OKU
|d UtOrBLW
|
| 049 |
|
|
|a TEFA
|
| 050 |
|
0 |
|a TD768
|b .T88 2006
|
| 082 |
0 |
4 |
|a 628.3
|2 22
|
| 100 |
1 |
|
|a Turovskiĭ, I. S.
|0 http://id.loc.gov/authorities/names/n91104540
|
| 245 |
1 |
0 |
|a Wastewater sludge processing /
|c Izrail S. Turovskiy, P.K. Mathai.
|
| 264 |
|
1 |
|a Hoboken, N.J. :
|b Wiley-Interscience,
|c [2006]
|
| 264 |
|
4 |
|c ©2006
|
| 300 |
|
|
|a xii, 354 pages :
|b illustrations ;
|c 25 cm.
|
| 336 |
|
|
|a text
|b txt
|2 rdacontent
|
| 337 |
|
|
|a computer
|b c
|2 rdamedia
|
| 338 |
|
|
|a online resource
|b cr
|2 rdacarrier
|
| 500 |
|
|
|a Electronic resource.
|
| 504 |
|
|
|a Includes bibliographical references and index.
|
| 505 |
0 |
|
|a Sludge quantities and characteristics -- Thickening and dewatering -- Aerobic digestion -- Anaerobic digestion -- Alkaline stabilization -- Composting -- Thermal drying and incineration -- Comparison of energy consumption -- Beneficial use of biosolids.
|
| 533 |
|
|
|a Electronic reproduction.
|b Somerset, N.J. :
|c Wiley InterScience,
|d 2006.
|n System requirements: Adobe Acrobat Reader.
|n Mode of access: World Wide Web.
|n Access limited to subscribers.
|7 s2006 njun s
|
| 650 |
|
0 |
|a Sewage sludge.
|0 http://id.loc.gov/authorities/subjects/sh85120516
|
| 650 |
|
0 |
|a Sewage
|x Purification.
|0 http://id.loc.gov/authorities/subjects/sh85120461
|
| 655 |
|
0 |
|a Electronic books.
|
| 700 |
1 |
|
|a Mathai, P.K.
|0 http://id.loc.gov/authorities/names/n2005073321
|
| 710 |
2 |
|
|a John Wiley & Sons.
|0 http://id.loc.gov/authorities/names/n80083764
|
| 776 |
1 |
|
|c Original
|z 0471700541
|w (DLC) 2005028315
|w (OCoLC)61821712
|
| 856 |
4 |
0 |
|u http://proxy.library.tamu.edu/login?url=https://dx.doi.org/10.1002/047179161X
|z Connect to the full text of this electronic book
|t 0
|
| 938 |
|
|
|a Wiley Subscription Services
|b WILY
|n jws02626516
|
| 994 |
|
|
|a C0
|b TEF
|
| 999 |
|
|
|a MARS
|
| 999 |
f |
f |
|s b9f8f997-eb54-3c74-a11c-662ccdd419e1
|i e6bc1205-3ff0-378a-b815-fb0c5cfe8e0f
|t 0
|
| 952 |
f |
f |
|a Texas A&M University
|b College Station
|c Electronic Resources
|d Available Online
|t 0
|e TD768 .T88 2006
|h Library of Congress classification
|
| 998 |
f |
f |
|a TD768 .T88 2006
|t 0
|l Available Online
|